000 00695nam a2200217 4500
003 OSt
005 20240618022425.0
006 a
008 240618b |||||||| |||| 00| 0 eng d
020 _a9781402993214
040 _aDWCL-Main lib.
_cOC
082 _aCirc. 510.712 M693b 2011
111 _aBabette Moeller...[et al]
245 _aMath for all participant book, grades 3-5 /
260 _aCalifornia :
_bCorwin Press,
_cc2011.
300 _axi,
_b225 p. : col. ill. ;
_c28 cm.
650 _a1. Individualized instruction.
650 _a2. Mathematics–Study and teaching (Middle school)–Activity programs.
711 _aBabette Moeller...[et al]
942 _2ddc
_n0
_cBK-CIRC
_kCirc.
999 _c795
_d795